00972nam a2200265 a 450000100060000000300080000600500170001400800410003102000150007203500190008704000350010604100080014108200280014910000420017724500940021926000480031330000300036149000370039150000190042865000320044783000450047994200120052499900170053695201530055329044BD-RjUL20211209051350.0940712r19691966enk 001 0 eng d a0582323169 a(BD-RjUL)29129 aBD-RjULbengcBD-RjULdBD-RjUL aeng 223a519.02457bBIS 19691 aBishop, O. N.q(Owen Neville)922232410aStatistics for biology :ba practical guide for the experimental biologist /cO.N. Bishop aLondon :bLongmans,c1966 [Impression 1969] ax, 182 p. :bIll.;c22 cm aThe principles of modern biology aIncludes index 0aBiologyxStatistics9222325 4aThe principles of modern biology9222326 2ddccBK c29044d29044 00102ddc40718NFICaRUCLbRUCLcReadingd1973-08-20eDhaka, Ideal Libraryg16.50l0o519.02457 BIS 1969r2018-09-03 00:00:00tC-1w2018-09-03yBK